[Event "Chinese-ch Women 2020"]
[Site "Xinghua"]
[Date "2020.12.23"]
[Round "5"]
[White "Hu, Yu A."]
[Black "Ni, Shiqun"]
[Result "0-1"]
[WhiteElo "2094"]
[BlackElo "2389"]
[Annotator "TA"]
[PlyCount "98"]
[EventDate "2020.12.19"]
[EventType "tourn"]
[EventCountry "CHN"]
[SourceTitle "playchess.com"]
[Source "ChessBase"]
[SourceQuality "1"]

{[%evp 13,98,16,16,0,-6,0,-2,-3,-10,-27,-16,-10,-4,-32,-18,-28,-20,-43,-47,-55,-39,-44,-52,-48,-24,-37,-24,-39,-44,-88,-42,-77,-16,-9,-9,-59,-37,-82,-79,-131,-120,-192,-190,-187,-172,-350,-349,-310,-219,-188,-175,-172,-160,-197,-197,-200,-181,-185,-185,-235,-218,-237,-224,-289,-285,-373,-379,-449,-416,-670,-758,-735,-707,-1793,-925,-1735,-1543,-2580,-904,-5683,-5583,-5583,-4914,-5704,-4718,-4714,-4702]} 1. c4 Nf6 2. Nc3 e5 3. g3 Bc5 4. Bg2 O-O 5. Nf3 Nc6 6. d3 d6 7. O-O a6 8. Bg5 {A29: English Opening: Four Knights Variation with 4 g3.} h6 9. Bxf6 Qxf6 10. Nd5 {The position is equal.} Qd8 11. Rb1 Ba7 12. b4 Ne7 13. Nd2 c6 14. Nxe7+ Qxe7 {[#]} 15. b5 $146 ({Predecessor:} 15. a4 Be6 16. Qb3 Rad8 17. b5 axb5 18. axb5 d5 19. bxc6 bxc6 20. Qa4 Qd7 21. Rfc1 {0-1 (50) Farley,T (2251)-Harper,R (2244) Hastings 2013}) 15... axb5 16. cxb5 d5 17. bxc6 bxc6 18. Qc2 Be6 19. Rfc1 Rfc8 20. Nb3 Bb6 21. Rb2 Qa3 22. Rcb1 Bd4 (22... c5 $17) 23. Nxd4 $11 exd4 24. Qb3 Ra7 {[%cal Ba8a7,Ba7b7,Bb7b5][%mdl 32]} 25. Qb6 c5 {[%cal Bc6c5,Bc5c4,Bc4c3][%mdl 32] White is on the road to losing.} 26. Qd6 ({Better is} 26. Rd2) 26... c4 $36 {[%mdl 2048] Black is really pushing.} 27. Qe5 (27. Qxa3 $17 {is a better defense.} Rxa3 28. Rc2) 27... c3 $19 ({Weaker is} 27... cxd3 28. Bxd5 Bxd5 29. Qxd5 $15) 28. Rc2 Qa4 29. Rbc1 $2 (29. Rcc1 {was the only chance.}) 29... Rb7 {[#] White must now prevent ...Qxc2!} 30. Bxd5 Rb5 31. e4 Bxd5 32. exd5 Rd8 33. Qc7 Rbxd5 34. Re2 R5d7 35. Qf4 Qb5 36. Rd1 Rc8 37. a4 Qxa4 38. Rde1 Rf8 39. Re8 {[#] Rxf8+ would kill now.} Rd8 40. Rxd8 Rxd8 {[%mdl 4096] Endgame KQR-KQR} 41. Qc7 (41. Qe5 $142) 41... Re8 {Black is clearly winning.} 42. Rb1 Qa2 43. Rb5 Qe2 {Threatens to win with ...c2.} 44. Rf5 Qe6 45. Rc5 Qg6 (45... Qh3 $142 46. Re5 Rc8) 46. Qd7 Re1+ 47. Kg2 Qxd3 48. Rc8+ Kh7 {( -> ...f5)} 49. Qxf7 Qe4+ {Accuracy: White = 41%, Black = 76%.} 0-1

[Event "Chinese-ch Women 2020"]
[Site "Xinghua"]
[Date "2020.12.23"]
[Round "5"]
[White "Yuan, Ye"]
[Black "Guo, Qi"]
[Result "1/2-1/2"]
[WhiteElo "2081"]
[BlackElo "2418"]
[Annotator "TA"]
[PlyCount "60"]
[EventDate "2020.12.19"]
[EventType "tourn"]
[EventCountry "CHN"]
[SourceTitle "playchess.com"]
[Source "ChessBase"]
[SourceQuality "1"]

{[%evp 20,60,12,16,19,12,16,17,26,22,24,24,24,24,24,21,23,22,26,0,0,0,0,0,5,0,0,0,0,0,0,0,0,0,0,0,0,0,0,0,0,0,6]} 1. d4 Nf6 2. c4 e6 3. g3 d5 4. Bg2 dxc4 5. Nf3 c5 6. O-O Nc6 7. dxc5 Qxd1 8. Rxd1 Bxc5 9. Nbd2 c3 10. bxc3 O-O 11. Nb3 Be7 {E04: Open Catalan: 5 Nf3.} 12. Nfd4 Nxd4 13. cxd4 Nd5 14. Na5 Bd7 15. Nxb7 Ba4 {[#]} 16. Rd3 $146 ({Predecessor:} 16. Rf1 Rfc8 17. e4 Nc3 18. Re1 Bc6 19. Nc5 Bb5 20. Bf3 Bxc5 21. dxc5 Rxc5 22. Be3 {½-½ (42) Wang,H (2737)-Yu,Y (2738) Danzhou 2019}) 16... Rfc8 17. Nc5 Bxc5 18. dxc5 Rxc5 19. Bxd5 (19. Be3 {looks sharper.} Rc2 20. Bxd5 exd5 21. Rxd5 Rxe2 22. Ra5) 19... Rxd5 {The position is equal.} 20. Rxd5 exd5 $11 {[%mdl 4096] Endgame KRB-KRB} 21. Bb2 f6 22. Rc1 Bb5 23. e3 Bc4 24. Bd4 Bxa2 25. Ra1 Bc4 26. Rxa7 Rxa7 27. Bxa7 h5 28. f3 g5 29. Kf2 Kf7 30. h4 gxh4 {An uneventful encounter.  Weighted Error Value: White=0.02/Black=0.01} 1/2-1/2

[Event "Chinese-ch Women 2020"]
[Site "Xinghua"]
[Date "2020.12.24"]
[Round "6.2"]
[White "Xiao, Yiyi"]
[Black "Gu, Xiaobing"]
[Result "1-0"]
[WhiteElo "2301"]
[BlackElo "2263"]
[Annotator "TA"]
[PlyCount "87"]
[EventDate "2020.12.19"]
[EventType "tourn"]
[EventCountry "CHN"]
[SourceTitle "playchess.com"]
[Source "ChessBase"]
[SourceQuality "1"]

{[%evp 9,87,3,0,0,4,0,2,0,20,10,20,12,12,7,15,10,10,3,33,5,17,15,31,28,36,38,125,122,122,60,190,194,228,210,310,251,228,176,176,168,169,170,170,169,203,196,192,178,193,195,186,152,158,153,146,146,146,148,158,157,157,151,487,481,635,639,621,612,654,602,2221,2056,2585,1674,12834,12827,2143,1057,1075,810]} 1. d4 {Sagar Shah} Nf6 2. Nf3 g6 3. Nc3 d5 4. Bf4 Bg7 5. Nb5 Na6 {[%cal Bb8a6,Ba6c7,Bc7e8,Be8d6,Bd6e4][%mdl 32]} 6. e3 {D00: 1 d4 d5: Unusual lines.} c6 7. Nc3 Nc7 8. h3 {The position is equal.} Bf5 9. Be2 O-O 10. O-O {[#]} Nce8 $146 ({Predecessor:} 10... Rc8 11. Bh2 Ne4 12. Nxe4 Bxe4 13. c3 Re8 14. Qb3 Rb8 15. Ne5 Bf5 16. Rfd1 Be6 {½-½ (55) Aronian,L (2802)-Vachier Lagrave,M (2804) Tbilisi 2017 CBM 181 [Sagar Shah]}) 11. a4 a5 12. Rc1 Nd6 13. b3 Qb6 14. Re1 Rfe8 15. Bf1 Nfe4 16. Nxe4 Nxe4 17. c4 dxc4 ({Black should try} 17... Qb4 $14) 18. bxc4 ({But not} 18. Bxc4 $6 Nd6 $14) 18... Qb2 19. Qe2 (19. Re2 $16 Qb4 20. g4) 19... Qb4 (19... Qxe2 $14 20. Bxe2 f6) 20. g4 $18 Bc8 21. Qc2 {Strongly threatening Rb1.} f5 (21... e5 $142) 22. Bd3 e5 23. Nxe5 {And now gxf5 would win.} Nc5 24. Ra1 Bxe5 25. Bxe5 {Threatens to win with Bd6.} ({Stronger than} 25. dxe5 Nxd3 26. Qxd3 fxg4 $11) 25... Nxd3 26. Qxd3 fxg4 {[#]} 27. c5 $1 {Black must now prevent Reb1.} b5 28. Reb1 Qc4 29. Qxc4+ bxc4 30. hxg4 Rf8 31. Rb6 Bxg4 32. Rxc6 Bf3 {[#]} 33. Rc7 {[%cal Rc7g7] Intending Rg7+ and mate.} Rf7 34. Rxf7 Kxf7 $16 {[%mdl 4096] Endgame KRB-KRB} 35. Rc1 Be2 $2 {This costs Black the game.} (35... h5 $16 {is more resistant.} 36. Rxc4 Rc8) 36. f3 $18 {White is clearly winning.} Ke6 37. Kf2 Bd3 {If Black can now play ...Rf8 this consolidates a bit.} 38. e4 g5 39. Ke3 Ra7 40. Rh1 Rf7 41. Rh6+ Kd7 42. c6+ Kd8 43. c7+ (43. d5 $142 Bc2 44. d6 Bxa4 45. Rf6 Bxc6 46. Rxf7) 43... Kc8 44. Rb6 {Weighted Error Value: White=0.08/Black=0.34} 1-0

[Event "Chinese-ch Women 2020"]
[Site "Xinghua"]
[Date "2020.12.24"]
[Round "6.3"]
[White "Song, Yuxin"]
[Black "Ning, Kaiyu"]
[Result "1-0"]
[WhiteElo "2290"]
[BlackElo "2327"]
[Annotator "TA"]
[PlyCount "79"]
[EventDate "2020.12.19"]
[EventType "tourn"]
[EventCountry "CHN"]
[SourceTitle "playchess.com"]
[Source "ChessBase"]
[SourceQuality "1"]

{[%evp 23,79,38,69,22,18,14,18,12,11,14,36,38,220,220,204,204,265,262,357,246,235,270,260,261,258,246,239,131,133,132,167,168,167,167,167,167,167,162,158,146,402,402,402,402,399,388,379,372,351,289,464,438,453,453,918,916,593,366]} 1. e4 e6 2. d4 d5 3. Nd2 c5 4. exd5 Qxd5 5. Ngf3 cxd4 6. Bc4 Qd6 7. O-O Nf6 8. Nb3 Nc6 9. Nbxd4 Nxd4 10. Nxd4 a6 11. Re1 Qc7 12. Bb3 Bd6 13. h3 {C07: French Tarrasch: 3...c5, 4 Ngf3 and 4 exd5 Qxd5.} (13. Nf5 $5 Bxh2+ 14. Kh1 $11) 13... O-O 14. Bg5 Bh2+ 15. Kf1 {The position is equal.} Bf4 16. Bxf6 gxf6 17. Qh5 {[#]} f5 $146 (17... Kh8 $14) ({Predecessor:} 17... Kh8 18. g3 Be5 19. c3 f5 20. g4 Bxd4 21. cxd4 Bd7 22. Qh6 Rg8 23. Qf6+ Rg7 {½-½ (51) Li,R (2538)-Popilski,G (2564) Arlington 2016}) 18. Nf3 $18 {aiming for Ng5.} Kg7 19. g3 Bh6 20. Rad1 $1 Rd8 21. Rxd8 Qxd8 22. g4 $1 {[%cal Rg4g5]} fxg4 23. hxg4 {And now g5 would win.} Bf4 24. g5 Bd7 25. Re4 (25. Qh4 $1 $18 {[%cal Rh4f4]} Bd6 26. Rd1 (26. Qd4+ Kg8 $14)) 25... Bb5+ $16 {[#]} 26. Kg2 $1 Qc7 {With the idea ...Bc6.} 27. Qh6+ Kg8 {Black wants to play ...Bc6.} 28. Qf6 $40 {[%mdl 128] White goes for the king.} e5 29. Nxe5 Bxe5 30. Qxe5 Qxe5 31. Rxe5 Re8 $2 {[%mdl 8192] This move loses the game for Black.} (31... Bc6+ $16 {was necessary.} 32. Kg3 Rd8) 32. Rxe8+ $18 Bxe8 {[%mdl 4096] Endgame KB-KB} 33. Bd5 b6 34. Kg3 Kg7 35. Bc4 a5 {[#]} 36. Bd3 $1 h6 $2 (36... Bc6 37. Kf4 f6 38. gxf6+ {[%mdl 64] Overworked Piece} Kxf6 39. Bxh7 Be8) 37. gxh6+ {White is clearly winning.} Kxh6 38. Kf4 f6 (38... Kh5 $142 39. Be2+ Kh4) 39. Kf5 Kg7 40. Ke4 {Weighted Error Value: White=0.11/Black=0.42} 1-0

[Event "Chinese-ch Women 2020"]
[Site "Xinghua"]
[Date "2020.12.24"]
[Round "6.4"]
[White "Ni, Shiqun"]
[Black "Li, Xueyi"]
[Result "1-0"]
[WhiteElo "2389"]
[BlackElo "2328"]
[Annotator "TA"]
[PlyCount "59"]
[EventDate "2020.12.19"]
[EventType "tourn"]
[EventCountry "CHN"]
[SourceTitle "playchess.com"]
[Source "ChessBase"]
[SourceQuality "1"]

{[%evp 9,59,19,29,31,59,57,48,62,54,63,52,35,87,89,114,122,121,94,111,96,140,145,128,133,178,91,205,204,199,187,249,239,239,210,608,597,547,412,683,675,641,612,644,736,811,800,2069,1974,29991,29992,29992,29993]} 1. e4 c6 2. Nf3 d5 3. d3 g6 4. e5 Bg7 5. d4 c5 6. dxc5 {B10: Caro-Kann: 2 d3 and 2 c4.} Nc6 7. Bb5 Bg4 8. O-O {White is slightly better.} e6 9. Bxc6+ bxc6 {[#]} 10. Bf4 $146 ({Predecessor:} 10. Re1 Ne7 11. c3 Qc7 12. Bf4 Rb8 13. b4 a5 14. a3 O-O 15. Nbd2 d4 16. cxd4 axb4 17. axb4 Rxb4 {0-1 (41) Rakotomaharo,F (2422)-Yoo,C (2455) Chess.com INT 2020}) 10... Qa5 (10... Qe7 $14) 11. Qd2 $16 Qxc5 {[#]} 12. Nd4 h5 13. Re1 Qb6 14. Nc3 {[%cal Bb1c3,Bc3a4,Ba4c5][%mdl 32]} Ne7 15. Na4 Qc7 16. Nc5 Nf5 17. c3 (17. f3 $18) 17... h4 (17... Bf8 $16) 18. h3 $18 Bh5 19. b4 O-O (19... a6 $142 20. Nxf5 gxf5) 20. Nxf5 gxf5 21. Bh6 Qd8 $2 (21... Kh7) 22. Bg5 Qc7 23. Qd4 a5 (23... f4 $142 24. Qxf4 Bg6 25. Qxh4 Bxe5) 24. Qxh4 Bg6 25. Bf6 axb4 26. cxb4 ({Weaker is} 26. Bxg7 Kxg7 27. cxb4 Qd8 $18) 26... Ra3 27. Rad1 Rfa8 28. Rd4 Bxf6 29. exf6 Qd8 {[#]} 30. Nd7 $1 {[%mdl 512] Weighted Error Value: White=0.12/Black=0.79} 1-0

[Event "Chinese-ch Women 2020"]
[Site "Xinghua"]
[Date "2020.12.24"]
[Round "6.5"]
[White "Zhai, Mo"]
[Black "Hu, Yu A."]
[Result "1-0"]
[WhiteElo "2366"]
[BlackElo "2094"]
[Annotator "TA"]
[PlyCount "40"]
[EventDate "2020.12.19"]
[EventType "tourn"]
[EventCountry "CHN"]
[SourceTitle "playchess.com"]
[Source "ChessBase"]
[SourceQuality "1"]

{[%evp 11,40,0,12,0,0,-8,55,54,75,38,41,31,140,41,44,50,37,44,33,25,58,13,9,26,31,24,50,18,78,81,164]} 1. Nf3 Nf6 2. g3 d5 3. Bg2 e6 4. c4 Be7 5. O-O O-O 6. b3 {[%cal Bb2b3,Bb3b4][%mdl 32]} d4 7. Bb2 {A14: English Opening: 1...e6 with b3 by White.} c5 8. b4 {[#]} Ne8 $146 (8... Nc6 $11) ({Predecessor:} 8... Nc6 9. b5 Na5 10. d3 Bd6 11. Nbd2 h6 12. e3 e5 13. Re1 Qc7 14. Qc2 Bd7 15. exd4 exd4 {½-½ (44) So,W (2760)-Harikrishna,P (2731) Kolkata 2019}) 9. d3 $14 {White is slightly better.} f6 10. Nbd2 e5 11. bxc5 Nd7 {[#]} ({Black should play} 11... Na6 $14) 12. Nb3 (12. e3 $1 $16) 12... Nxc5 13. Nxc5 Bxc5 14. Nd2 Rb8 15. Nb3 Be7 16. e3 dxe3 17. fxe3 Be6 18. Rc1 Nd6 19. Qe2 (19. c5 $5 {[%cal Rc5d6]} Nf7 20. d4 $16) 19... e4 (19... b6 $11) 20. dxe4 $16 b5 {Weighted Error Value: White=0.24/Black=0.31} (20... Nf7 $16) 1-0

[Event "Chinese-ch Women 2020"]
[Site "Xinghua"]
[Date "2020.12.24"]
[Round "6.6"]
[White "Yuan, Ye"]
[Black "Yan, Tianqi"]
[Result "1/2-1/2"]
[WhiteElo "2081"]
[BlackElo "2207"]
[Annotator "TA"]
[PlyCount "81"]
[EventDate "2020.12.19"]
[EventType "tourn"]
[EventCountry "CHN"]
[SourceTitle "playchess.com"]
[Source "ChessBase"]
[SourceQuality "1"]

{[%evp 9,81,0,0,0,0,-12,-10,-7,-2,-1,0,6,2,-11,18,12,0,0,0,0,0,2,60,30,39,29,56,47,68,45,44,42,52,21,39,17,23,-5,0,-4,13,-4,12,0,75,94,70,16,16,0,0,0,0,0,0,-32,50,46,166,147,137,0,0,0,0,0,0,-143,0,0,0,-129,0,0]} 1. d4 d5 2. Bf4 Nf6 3. e3 c5 4. c3 Qb6 5. Qb3 c4 6. Qc2 {D00: 1 d4 d5: Unusual lines.} g6 7. Nd2 Bf5 8. Qc1 Nc6 9. h3 Bg7 10. Ngf3 O-O 11. Be2 Rfc8 12. g4 {[#]} Bd7 $146 ({Predecessor:} 12... Bd3 13. Bxd3 cxd3 14. O-O Qa6 15. Qd1 Nd7 16. Nb3 f6 17. g5 e5 18. gxf6 Bxf6 19. dxe5 Bxe5 20. Nxe5 Ncxe5 {½-½ (59) Voiska,M (2321)-Galunova,T (2166) Pleven 2016}) 13. Ne5 Be6 14. Bf3 Qd8 15. Qd1 Na5 (15... Nxe5 $11 16. Bxe5 Qd7) 16. h4 Ne8 17. g5 Nc6 18. Ng4 b5 {[%cal Bb7b5,Bb5b4][%mdl 32]} 19. a3 a5 20. h5 b4 21. hxg6 hxg6 22. Nh6+ Kf8 23. Bg2 bxc3 24. bxc3 Nd6 25. Qf3 Qd7 26. Bh3 Rcb8 (26... Bxh3 $11 27. Bxd6 Be6) 27. Bxe6 $16 Qxe6 28. Bxd6 (28. Rh4 $14) 28... exd6 $11 29. Kf1 Rb2 30. Nxc4 dxc4 31. Qxc6 Rab8 32. Qf3 R2b3 (32... R8b5 $15) 33. Rh4 $14 R8b5 (33... Bxh6 $14 34. gxh6 Qe7) 34. Re4 $18 Qd7 {[#]} 35. Rf4 (35. d5 $1 $16) 35... Bxh6 $11 36. gxh6 {Hoping for h7.} Rh5 $1 {[%cal Rh5h6]} 37. Qa8+ $1 Qe8 38. Qg2 (38. Qa6 $11) 38... Qe6 {[%mdl 1024] Black has strong compensation.} 39. Qa8+ Qe8 40. Qg2 {[#] And now Qxg6 would win.} Qe6 ({Better is} 40... Kg8 $1 $17 41. Rf6 Rxc3) 41. Qa8+ {Weighted Error Value: White=0.17/Black=0.26} 1/2-1/2

[Event "Chinese-ch Women 2020"]
[Site "Xinghua"]
[Date "2020.12.25"]
[Round "7.1"]
[White "Yan, Tianqi"]
[Black "Guo, Qi"]
[Result "1/2-1/2"]
[WhiteElo "2207"]
[BlackElo "2418"]
[Annotator "TA"]
[PlyCount "102"]
[EventDate "2020.12.19"]
[EventType "tourn"]
[EventCountry "CHN"]
[SourceTitle "playchess.com"]
[Source "ChessBase"]
[SourceQuality "1"]

{[%evp 16,102,22,-18,105,38,33,14,21,23,36,32,119,123,135,131,141,142,122,36,43,0,0,0,0,0,0,-14,-12,-20,-10,-10,-6,-66,-62,-60,-40,-43,-42,-39,-25,-31,-25,-22,-20,-20,-20,-23,-24,-31,0,0,0,0,0,0,0,0,0,-23,-23,-23,-12,-30,-27,-63,0,0,0,-3,0,0,0,0,0,0,0,0,0,0,0,0,0,0,0,0,0,0,0]} 1. e4 e5 2. Nf3 Nc6 3. Bb5 a6 4. Ba4 Nf6 5. d4 exd4 6. O-O Be7 7. e5 Ne4 8. Nxd4 Nc5 {[#]} 9. Nf5 $1 g6 {C84: Closed Ruy Lopez: Unusual White 6th moves.} (9... O-O $1 $11) 10. Bxc6 (10. Nxe7 $16 Nxe7 11. Nc3 Nxa4 12. Nxa4) 10... dxc6 $14 11. Nxe7 Qxe7 12. Bh6 Rg8 13. f4 {[#]} Ne4 $146 {[#]} (13... Bf5 $14) ({Predecessor:} 13... Ne6 14. Nc3 Qh4 15. Ne4 Qxh6 16. Nf6+ Kf8 17. Rf3 Rh8 18. Qd2 c5 19. c3 b6 {½-½ (27) Nataf,I-Ledger,A (2330) Paris 1993}) 14. Nd2 $1 $16 {[%cal Rd2e4]} Qc5+ 15. Kh1 Bf5 ({Not} 15... Nf2+ $2 {[#]} 16. Rxf2 $1 {[%mdl 512]} Bf5 17. Qe1 $18) 16. Nxe4 Bxe4 17. c3 (17. Rc1 $16) 17... Rd8 $14 18. Qe2 (18. Qe1 {seems wilder.} Bf5 19. b3 Rd3 20. Rd1 Qd5 21. Rxd3 Qxd3 22. Rf2) 18... Bd3 $36 {[%mdl 2048] Black has good play.} 19. Qf2 Qxf2 20. Rxf2 Bf5 21. h3 Rd3 22. Bg5 h5 23. Rff1 c5 24. c4 (24. Rfd1 $11) 24... Kd7 $15 25. Rfd1 {Strongly threatening Rxd3+.} Kc6 (25... Rd4 {with more complications.} 26. Kg1 Be6 27. Rac1 Ra8 28. a4 Kc6) 26. Rxd3 Bxd3 {[%mdl 4096] Endgame KRB-KRB} 27. Rc1 Bf5 28. Kg1 Be6 29. Kf2 b5 30. cxb5+ $1 axb5 31. Be7 c4 32. Rd1 Re8 33. Bb4 Bd5 34. a3 Be6 35. Kf3 Bd5+ (35... Rh8 {looks sharper.} 36. Be7 Bd5+ 37. Kf2 Be4 38. Rd4 Bd3) 36. Kf2 Be4 37. Re1 Bf5 38. Rd1 Bd3 39. Re1 Kd5 40. e6 fxe6 (40... Rxe6 $15 41. Rxe6 Kxe6) 41. Re5+ $11 {The position is equal.} Kc6 42. Kf3 Kb6 43. Bc5+ Ka5 44. Bb4+ Ka4 45. Rc5 c6 46. Rxc6 e5 $1 47. Bc3 exf4 48. Ra6+ Kb3 {aiming for ...g5.} 49. Rb6 Ka4 50. Ra6+ Kb3 {Hoping for ...g5.} 51. Rb6 Ka4 {Weighted Error Value: White=0.13/Black=0.14} 1/2-1/2

[Event "Chinese-ch Women 2020"]
[Site "Xinghua"]
[Date "2020.12.25"]
[Round "7.2"]
[White "Hu, Yu A."]
[Black "Yuan, Ye"]
[Result "1/2-1/2"]
[WhiteElo "2094"]
[BlackElo "2081"]
[Annotator "TA"]
[PlyCount "62"]
[EventDate "2020.12.19"]
[EventType "tourn"]
[EventCountry "CHN"]
[SourceTitle "playchess.com"]
[Source "ChessBase"]
[SourceQuality "1"]

{[%evp 14,62,41,35,54,46,37,45,46,46,43,41,47,40,39,45,38,43,55,25,25,25,25,18,47,26,33,0,0,0,0,0,0,0,0,0,0,0,6,0,0,0,0,0,0,0,0,0,0,0,0]} 1. e4 e6 2. d4 d5 3. Nd2 dxe4 4. Nxe4 Bd7 5. Nf3 Bc6 6. Bd3 Nd7 7. O-O Ngf6 8. Ng3 g6 {C10: French with 3 Nc3: Unusual Black 3rd moves and 3...dxe4.} 9. b3 Bg7 10. Ba3 Bf8 {White is slightly better.} 11. Bb2 Bg7 12. c4 O-O 13. Qe2 Bxf3 14. Qxf3 c6 15. Rad1 a5 16. a3 Re8 17. Rfe1 {[#]} Qb6 $146 ({Predecessor:} 17... Qc7 18. Bb1 Rad8 19. Nf1 b5 20. Ne3 bxc4 21. bxc4 e5 22. d5 Nc5 23. Qe2 Rb8 24. d6 Qb6 25. Bc3 Qb3 26. Bxa5 Qxa3 {1-0 (63) Giri,A (2779)-Bareev,E (2643) Amsterdam 2019}) 18. Bc2 Rad8 19. Bc3 Qc7 20. h3 b5 {The position is equal.} 21. Ne4 (21. Rc1 {keeps more tension.} Rc8 22. Bb2 Rb8 23. cxb5 Rxb5 24. Bd1) 21... a4 22. cxb5 axb3 23. Bxb3 {[#] Hoping for bxc6.} Nxe4 24. Rxe4 {Black should prevent bxc6.} cxb5 25. Bb4 Nf6 26. Ree1 Qb8 27. d5 (27. h4 {seems wilder.} h5 28. Bc5 Qa8 29. Qe2 Nd5 30. Qf3) 27... Nxd5 28. Bxd5 Rxd5 29. Rxd5 exd5 30. Rxe8+ Qxe8 31. Qxd5 h5 {Weighted Error Value: White=0.06/Black=0.03} 1/2-1/2

[Event "Chinese-ch Women 2020"]
[Site "Xinghua"]
[Date "2020.12.25"]
[Round "7.3"]
[White "Li, Xueyi"]
[Black "Zhai, Mo"]
[Result "1/2-1/2"]
[WhiteElo "2328"]
[BlackElo "2366"]
[Annotator "TA"]
[PlyCount "62"]
[EventDate "2020.12.19"]
[EventType "tourn"]
[EventCountry "CHN"]
[SourceTitle "playchess.com"]
[Source "ChessBase"]
[SourceQuality "1"]

{[%evp 17,62,0,11,0,11,10,2,-16,16,0,-5,-18,8,17,17,15,17,17,18,25,25,23,22,13,13,15,18,18,18,15,14,0,4,0,22,0,2,0,6,8,8,8,10,10,10,10,11]} 1. d4 Nf6 2. c4 e6 3. g3 Bb4+ 4. Bd2 a5 5. Bg2 d6 6. Nf3 Nbd7 7. O-O e5 8. Bg5 exd4 9. Nxd4 O-O 10. a3 {E11: Bogo-Indian.} Bc5 11. Nc3 h6 12. Bf4 Re8 {[#]} (12... a4 $5) 13. Nb3 $146 ({Predecessor:} 13. Rc1 Ne5 14. Na4 Ng6 15. Nxc5 dxc5 16. Nb5 Nxf4 17. gxf4 Qe7 18. Nc3 c6 19. e3 {1-0 (60) Severino,S (2364)-Tin,J (2464) chess.com INT 2020}) 13... Bb6 14. Na4 Qe7 15. Nxb6 Nxb6 16. Rc1 Qxe2 17. c5 dxc5 18. Bxc7 Na4 19. Nxc5 Nxc5 20. Qxe2 {The position is equal.} Rxe2 21. Rxc5 Rxb2 22. Bxa5 Be6 23. Bb4 Rb8 24. h3 b6 25. Rcc1 Bd5 26. Bd6 Re8 27. Rb1 Ree2 28. Rxb2 Rxb2 29. Be5 Rb3 30. Bxf6 Bxg2 31. Kxg2 {[#] Be7 is the strong threat.} gxf6 {An uneventful encounter.  Weighted Error Value: White=0.05/Black=0.05} 1/2-1/2

[Event "Chinese-ch Women 2020"]
[Site "Xinghua"]
[Date "2020.12.25"]
[Round "7.4"]
[White "Ning, Kaiyu"]
[Black "Ni, Shiqun"]
[Result "1/2-1/2"]
[WhiteElo "2327"]
[BlackElo "2389"]
[Annotator "TA"]
[PlyCount "61"]
[EventDate "2020.12.19"]
[EventType "tourn"]
[EventCountry "CHN"]
[SourceTitle "playchess.com"]
[Source "ChessBase"]
[SourceQuality "1"]

{[%evp 35,61,0,0,0,0,0,0,0,0,0,68,0,0,0,0,0,0,0,0,0,0,0,0,0,0,0,0,0]} 1. e4 e6 2. d4 d5 3. Nd2 c5 4. exd5 Qxd5 5. Ngf3 cxd4 6. Bc4 Qd6 7. O-O Nf6 8. Nb3 Nc6 9. Nbxd4 Nxd4 10. Nxd4 a6 11. Re1 Qc7 12. Bb3 Bd6 13. Nf5 Bxh2+ 14. Kh1 O-O 15. Nxg7 Rd8 16. Qf3 Kxg7 17. Bh6+ Kg6 18. c3 Nh5 $1 (18... Kxh6 19. Qxf6+ Kh5 20. g4+ Kxg4 {[#]} 21. Rg1+ $1 {[%mdl 512]} Bg3 22. Rxg3+ Qxg3 23. fxg3) 19. Bc1 {White wants to mate with Qg4+. C07: French Tarrasch: 3...c5, 4 Ngf3 and 4 exd5 Qxd5.} Bf4 {Hoping for ...Bxc1.} 20. g4 Bxc1 21. gxh5+ Kg7 22. Raxc1 {Strongly threatening h6+.} b5 23. h6+ (23. Rg1+ $14 Kf8 24. Qe3 (24. Qf6 Bb7+ 25. f3 Qc5 $17)) 23... Kf8 $11 {aiming for ...Bb7!The position is equal.} 24. Qf6 {Rg1 is the strong threat.} Bb7+ 25. Kg1 $1 {Threatening mate with Rxe6.} Qc6 {[%csl Gb7][%cal Rc6h1]} 26. Qg7+ {[%mdl 64] [#] Double Attack} Ke8 {[%csl Gb7][%cal Rc6h1]} 27. Qg8+ Ke7 {[%csl Gb7][%cal Rc6h1]} 28. Qg5+ {[#]} Ke8 $146 {[%csl Gb7][%cal Rc6h1]} ({Predecessor:} 28... Kd7 29. Rcd1+ Kc7 30. Qe5+ Kb6 31. Qe3+ Ka5 32. Kf1 Qg2+ 33. Ke2 Qg4+ 34. f3 Qg2+ 35. Qf2 Bxf3+ 36. Ke3 Qxf2+ 37. Kxf2 Bxd1 38. Bxd1 Rd2+ {0-1 (38) Avsitidiysky,A (1881)-Melas,R (2132) Nicosia 2015}) 29. Qg8+ {[%mdl 64] Double Attack} Ke7 {[%csl Gb7][%cal Rc6h1]} 30. Qg5+ Ke8 {[%csl Gb7][%cal Rc6h1]} 31. Qg8+ {[%mdl 64] Double Attack. An uneventful encounter.  Weighted Error Value: White=0.09/Black=0.09} 1/2-1/2